Right to roam mapping progress (Record no. 70077)
[ view plain ]
| 000 -LEADER | |
|---|---|
| fixed length control field | 01072cam a2200217 4500 |
| 001 - CONTROL NUMBER | |
| control field | WB3815-19 |
| 008 - FIXED-LENGTH DATA ELEMENTS--GENERAL INFORMATION | |
| fixed length control field | 020425n2002 000 0 eng u |
| 035 ## - SYSTEM CONTROL NUMBER | |
| System control number | (Sirsi) u117679 |
| 245 ## - TITLE STATEMENT | |
| Title | Right to roam mapping progress |
| 260 ## - PUBLICATION, DISTRIBUTION, ETC. | |
| Date of publication, distribution, etc. | 2002 |
| 490 ## - SERIES STATEMENT | |
| Series statement | RICS Rural Faculty News |
| Volume/sequential designation | 19 April 2002 (1) |
| 520 ## - SUMMARY, ETC. | |
| Summary, etc. | The Countryside Agency reports progress in its mapping of open country and registered common land in England, in line with government's right to roam implementation target of 2005. The Agency will identify where open country and registered common land occurs as part of the process of providing people with the right to walk over 4 000 square miles of English countryside under the Countryside and Rights of Way Act 2000. http://www.rics.org/ricscms/bin/show?class=News&template=/includes/shownews.html&id=2314 |
| 590 ## - LOCAL NOTE (RLIN) | |
| Local note | WB |
| 650 ## - SUBJECT ADDED ENTRY--TOPICAL TERM | |
| Topical term or geographic name entry element | OPEN COUNTRY |
| 650 ## - SUBJECT ADDED ENTRY--TOPICAL TERM | |
| Topical term or geographic name entry element | COMMON LAND |
| 650 ## - SUBJECT ADDED ENTRY--TOPICAL TERM | |
| Topical term or geographic name entry element | RIGHT TO ROAM |
| 650 ## - SUBJECT ADDED ENTRY--TOPICAL TERM | |
| Topical term or geographic name entry element | COUNTRYSIDE AND RIGHTS OF WAY ACT 2000 |
| 650 ## - SUBJECT ADDED ENTRY--TOPICAL TERM | |
| Topical term or geographic name entry element | COUNTRYSIDE AGENCY |
| 690 ## - LOCAL SUBJECT ADDED ENTRY--TOPICAL TERM (OCLC, RLIN) | |
| Topical term or geographic name as entry element | MAPPING AND MEASUREMENT |
| 942 ## - ADDED ENTRY ELEMENTS (KOHA) | |
| Suppress in OPAC | 0 |
| Withdrawn status | Lost status | Source of classification or shelving scheme | Damaged status | Not for loan | Home library | Current library | Shelving location | Date acquired | Total Checkouts | Full call number | Barcode | Date last seen | Copy number | Price effective from | Koha item type |
|---|---|---|---|---|---|---|---|---|---|---|---|---|---|---|---|
| Dewey Decimal Classification | London | London | News article | 25/04/2002 | WB3815-19 | 117679-1001 | 06/08/2019 | 1 | 06/08/2019 | News article |